Call us Larry (Lyrics) - Statistics

General Stats
  • This quiz has been taken 16 times
  • The average score is 199 of 388
Answer Stats
Lyric % Correct
call
91%
I
91%
T
91%
a
82%
go
82%
it
82%
Larry
82%
to
82%
we
82%
you
82%
and
73%
kiss
73%
my
73%
the
73%
us
73%
all
64%
band
64%
called
64%
eskimo
64%
for
64%
had
64%
is
64%
left
64%
louis
64%
Louis
64%
not
64%
on
64%
sing
64%
so
64%
this
64%
want
64%
was
64%
went
64%
white
64%
your
64%
best
55%
direction
55%
Direction
55%
factor
55%
going
55%
harry
55%
Harry
55%
kicks
55%
lewis
55%
mate
55%
now
55%
think
55%
x
55%
braces
45%
but
45%
flowing
45%
hair
45%
like
45%
me
45%
Nialls
45%
one
45%
One
45%
over
45%
show
45%
showing
45%
swift
45%
Swift
45%
taylor
45%
Taylor
45%
that
45%
we're
45%
were
45%
where
45%
name's
36%
other
36%
recording
36%
scary
36%
Simon
36%
that's
36%
yeah
36%
boys
27%
don't
27%
favorite
27%
kinda
27%
share
27%
wants
27%
you're
27%
cat
18%
dog
18%
nothing
18%
at
9%
bought
9%
by
9%
jokes
9%
mall
9%
smart
9%
time
9%
would
9%
bad
0%
before
0%
came
0%
crazy
0%
directioners
0%
eyes
0%
fun
0%
gave
0%
girl
0%
glowing
0%
into
0%
Katy
0%
keep
0%
know
0%
life
0%
missed
0%
music
0%
nice
0%
ocean
0%
open
0%
Perry
0%
really
0%
ship
0%
should
0%
some
0%
still
0%
swifts
0%
them
0%
they
0%
ton
0%
vid
0%
yes
0%
No matching quizzes found
Score Distribution
Percent of People with Each Score
Percentile by Number Answered
Your Score History
You have not taken this quiz